000 02229nam a22002657a 4500
005 20240305165457.0
007 cr|||| ||||
008 171122s2015 cu |||||s|||| 00||0 spa d
020 _a978-959-7219-43-9
035 _a20852
040 _avLex
090 _c7225
_d7225
100 1 _aRey Santos, Orlando
245 1 2 _aLa Ley de medio ambiente
_h[Recurso electrónico]:
_b20 años después /
_cOrlando Rey Santos; Teresa Cruz Sardinas
256 _aServicio en línea
260 _aCiudad de La Habana:
_bUnión Nacional de Juristas de Cuba,
_c2015
300 _a1 recurso electrónico
500 _aQue la Ley 81 de 1997, “Ley de Medio Ambiente” de Cuba, alcance en este año dos décadas de vida, constituye motivo suficiente para una reflexión al respecto. No obstante, los autores de esta obra van más allá, y partiendo de esta celebración, articulan una visión que ofrece una secuencia coherente del pasado, el presente y el futuro inmediato de la legislación ambiental en nuestro país. Encontraremos aquí un análisis a múltiples voces sobre el contexto de la protección legal del medio ambiente y los recursos naturales en Cuba,– desarrollado a partir de una consideración histórica de la evolución de la Ley y su implementación –que examina con ojo crítico sus hallazgos y resultados, pero también las insuficiencias y errores, siempre presentes en un quehacer tan complejo. Esta evaluación crítica es situada en un contexto propositivo, en tanto el libro concluye ofreciendo algunas ideas –muy preliminares–, a las puertas de posibles cambios en la normatividad ambiental, a tono con nuestras proyecciones para un desarrollo socialista, próspero y sostenible.
506 1 _aDisponible solo en los productos indicados
_dvLex Global
_dvLex Global (Academic Edition, excluding Law Schools)
_dvLex Global (U.S. Academic Edition, Law Schools)
_dvLex Global (U.S. Academic Edition, excluding Law Schools)
_dvLex Global (Academic Edition, Law Schools)
650 0 4 _aDerecho del Medio Ambiente
_zCuba
700 1 _aCruz Sardinas, Teresa
740 0 _avLex Libros (Servicio en línea)
856 4 0 _uhttps://app.vlex.com/#/sources/ley-de-medio-ambiente-20-a-os-despues-20852
942 _cRAA
999 _c165465
_d165465